| 000 | 00366nam a2200157Ia 4500 | ||
|---|---|---|---|
| 008 | 230711s9999||||xx |||||||||||||| ||und|| | ||
| 041 | _aENG | ||
| 082 |
_a621 _bSC-M |
||
| 100 | _aSchiller,Jochen | ||
| 245 | 0 | _aMobile communications | |
| 250 | _a2nd Ed. | ||
| 260 |
_c2003 _aNew Delhi _bPearson |
||
| 300 | _a512 | ||
| 650 | _aElectronics Engineering | ||
| 942 | _cBK | ||
| 999 |
_c4828 _d4828 |
||